South America Countries by Facts #1 - Statistics

General Stats
  • This quiz has been taken 15 times
  • The average score is 11 of 12
Answer Stats
Fact Country % Correct
This country is urbanized, 92% of its population are living in cities. Argentina
100%
2 capitals in the same country, La Paz and Sucre. Bolivia
100%
This country is the 4th largest in the world. Brazil
100%
This is where the Macchu Pichu lies. Peru
100%
This country is the first to win the World Cup. Uruguay
100%
The Galapagos Islands include large endemic tortoises and iguanas. Ecuador
93%
The city of Luque, in metropolitan Asuncion, is the seat of the South American Football Confederation. Paraguay
93%
Record hyperinflation starts from here. Venezuela
93%
This is where the road connections end between the North and South of Americas. Colombia
86%
This country has the highest proportion of forest cover in the world. Suriname
86%
You'll find Punta Arenas somewhere in South America. Chile
79%
This is the largest of the Guianas. Guyana
79%
No matching quizzes found
Score Distribution
Percent of People with Each Score
Percentile by Number Answered
Your Score History
You have not taken this quiz